The Guinness book of rail facts and feats /

Bibliographic Details
Main Author: Marshall, John, 1922 May 1-
Format: Book
Language:English
Published: Enfield [England] : Guinness Superlatives, 1979.
Edition:3rd ed.
Subjects:

MARC

Tag First Indicator Second Indicator Subfields
LEADER 00000cam a2200000 a 4500
001 in00000092390
005 20150923132135.0
008 800213s1979 enka b 00110 engm
010 |a  80451567  
015 |a GB*** 
020 |a 0900424567 :  |c 96.95 
035 |a (OCoLC)06091134 
035 |9 AAK7474AM 
040 |a DLC  |c DLC  |d m.c.  |d TXA  |d UtOrBLW 
049 |a TXAM  |c [1362605] 
050 0 0 |a TF147  |b  M35 1979 
082 0 |a 385/.09 
100 1 |a Marshall, John,  |d 1922 May 1- 
245 1 4 |a The Guinness book of rail facts and feats /  |c by John Marshall. 
250 |a 3rd ed. 
264 1 |a Enfield [England] :  |b Guinness Superlatives,  |c 1979. 
300 |a 252 pages :  |b illustrations (some color) ;  |c 24 cm. 
336 |a text  |b txt  |2 rdacontent 
337 |a unmediated  |b n  |2 rdamedia 
338 |a volume  |b nc  |2 rdacarrier 
500 |a Includes index. 
504 |a Bibliography: pages 245-246. 
650 0 |a Railroads. 
999 |a MARS 
999 f f |s f31259d1-3cc6-3133-b5a4-a828df6465e9  |i e137d0a4-9a13-3f7c-9354-5ea2d6ad7ffe  |t 0 
952 f f |p ric  |a Texas A&M University  |b Rellis Campus  |c Joint Library Facility  |d Remote Storage  |t 0  |e TF147 M35 1979  |h Library of Congress classification  |i unmediated -- volume  |m A14806005348 
998 f f |a TF147 M35 1979  |t 0  |l Remote Storage